000 00391nam a22001577a 4500
005 20171025122211.0
008 171025b xxu||||| |||| 00| 0 eng d
020 _a978-93-272-6870-6
041 _aeng
082 _a630
100 _aREDDY, S R
_93991
245 _aPRINCIPLES OF AGRONOMY
_cS R AGRONOMY
260 _aLUDHIYANA
_bKALYANI PUBLISHERES
_c1999
300 _a763p.
942 _cBK
999 _c5636
_d5634